00374nam a2200121Ia 4500001000800000005001700008008004100025020001800066245003900084260001900123999002100142952008900163126858720260417145253.0260417s9999 xx 000 0 und d a9772149467979 0aO’nun Gibi SerisicAziz Kadırga bKetebe Çocuk c1268587d1268587 00104070a1110b1110d2026-04-17l0p11102219r2026-04-17 14:52:53w2026-04-17yBK